| 000 | 01627cam a22003011i 4500 | ||
|---|---|---|---|
| 003 | SA-RiAUC | ||
| 005 | 20240930084459.0 | ||
| 008 | 240928s2006 su g 00010bara c | ||
| 020 | _a9960020673 | ||
| 040 |
_aSA-MaUQU _bara _cSA-RiAUC _erda |
||
| 082 | 0 | 4 |
_a239.9 _qSA-RiAUC |
| 090 |
_a239.9 _bا ب ن م |
||
| 100 | 1 |
_aابن المبرد، يوسف بن حسن بن أحمد، _d840-909 هجري _eمؤلف. |
|
| 245 | 1 | 0 |
_aمحض الصواب في فضائل أمير المؤمنين عمر بن الخطاب رضي الله عنه / _cتأليف يوسف بن الحسن بن عبد الهادي الدمشقي الصالحي المعروف بابن المبرد ؛ تحقيق عبد العزيز بن محمد بن عبد المحسن الفريح. |
| 250 | _aالطبعة الثانية. | ||
| 264 | 1 |
_aالمدينة المنورة : _bالجامعة الإسلامية، عمادة البحث العلمي، _c2006 |
|
| 300 |
_a3 مجلد ؛ _c24 سم. |
||
| 336 |
_aنص _btxt _2rdacontent _3كتاب |
||
| 337 |
_aبدون وسيط _bn _2rdamedia |
||
| 338 |
_aمجلد _bnc _2rdacarrier |
||
| 490 | 0 |
_aمطبوعات الجامعة الإسلامية بالمدينة المنورة ؛ _v29 |
|
| 600 | 0 | 7 |
_aعمر بن الخطاب بن نفيل القرشي، _d40 قبل الهجرة-23 هجري _2aucnm |
| 650 | 7 |
_aالخلفاء الراشدون _vتراجم _2aucsh |
|
| 650 | 7 |
_aالصحابة والتابعون _vتراجم _2aucsh |
|
| 700 | 1 |
_aالفريح، عبد العزيز بن محمد بن عبد المحسن _eمحقق. |
|
| 942 |
_2ddc _cBOOK _n0 |
||
| 949 |
_aSA-JeALM _d240928 _umohamedma123 _n1 |
||
| 999 |
_c678 _d678 |
||